MARC details
| 000 -CABECERA |
| campo de control de longitud fija |
03757nam a2200469 a 4500 |
| 003 - IDENTIFICADOR DEL NÚMERO DE CONTROL |
| campo de control |
CHAP |
| 005 - FECHA Y HORA DE LA ÚLTIMA TRANSACCIÓN |
| campo de control |
20240520134800.0 |
| 007 - CAMPO FIJO DE DESCRIPCIÓN FÍSICA--INFORMACIÓN GENERAL |
| campo de control de longitud fija |
ta |
| 008 - DATOS DE LONGITUD FIJA--INFORMACIÓN GENERAL |
| campo de control de longitud fija |
220811s2020 mx db||fr|||| 001 0 spa d |
| 040 ## - FUENTE DE LA CATALOGACIÓN |
| Centro catalogador/agencia de origen |
mxchpua |
| 090 ## - LOCALMENTE ASIGNADO TIPO-LC NÚMERO DE CLASIFICACIÓN (OCLC); NÚMERO DE CLASIFICACIÓN LOCAL (RLIN) |
| Número de clasificación (OCLC) (R) ; Numero de clasificación, CALL (RLIN) (NR) |
T.C.852 |
| Número cutter local (OCLC) ; Número de libro/Signatura topográfica íntegra, CALL (RLIN) |
S26 IAI |
| Año |
2020 |
| 245 10 - MENCIÓN DE TÍTULO |
| Título |
Reporte de fase de campo de la asignatura Interrelación Agricultura Industria de los sistemas productos lácteos y cacao en la región sur y oriente de México / |
| Mención de responsabilidad, etc. |
coordinadora Ofelia Sandoval Castila ; colaboradores Rubén Salvador Álvarez Ortega...[y otros] |
| 260 ## - PUBLICACIÓN, DISTRIBUCIÓN, ETC. |
| Lugar de publicación, distribución, etc. |
Chapingo, México : |
| Nombre del editor, distribuidor, etc. |
El autor, |
| Fecha de publicación, distribución, etc. |
2020 |
| 300 ## - DESCRIPCIÓN FÍSICA |
| Extensión |
211 hojas : |
| Otras características físicas |
gráficas, mapas, fotos |
| 336 ## - TIPO DE CONTENIDO |
| Fuente |
rdacontent |
| Término de tipo de contenido |
text |
| Código de tipo de contenido |
txt |
| 337 ## - TIPO DE MEDIO |
| Fuente |
rdamedia |
| Nombre/término del tipo de medio |
no mediado |
| Código del tipo de medio |
n |
| 338 ## - TIPO DE SOPORTE |
| Fuente |
rdacarrier |
| Nombre/término del tipo de soporte |
volume |
| Código del tipo de soporte |
nc |
| 500 ## - NOTA GENERAL |
| Nota general |
Grado: 5° año Grupo: 01<br/>Directorio: hojas 206-211 |
| 502 ## - NOTA DE TESIS |
| Nota de tesis |
Viaje de Estudios |
| Tipo de título |
(IAI) -- |
| Nombre de la institución que otorga el título |
UACh. Departamento de Ingeniería Agroindustrial, |
| Año de obtención del título |
2020 |
| 504 ## - NOTA DE BIBLIOGRAFÍA, ETC. |
| Nota de bibliografía, etc. |
Bibliografía: h.190-192 |
| 505 0# - NOTA DE CONTENIDO CON FORMATO |
| Título |
1. Rancho La Herradura --<br/>2. Rancho Esquipulas --<br/>3. Rancho La Soledad --<br/>4. Rancho Las Golondrinas --<br/>5. Rancho San José Buenavista --<br/>6. Rancho Santa Elena --<br/>7. Agroindustria Lácteos del Potrero S. de R.L. MI --<br/>8. Agroindustria Lácteos Blanquita S.P.R. de R.L. --<br/>9. Agroindustria Quesos La Ordeña S.A. de C.V. --<br/>10. Agroindustria Lácteos Santa Cruz --<br/>11. Quesería San Francisco --<br/>12. Ganaderos y derivados Santa Rosa S.P.R. de R.L. de C.V. --<br/>13. Quesería Juquila --<br/>14. Quesería Petultoc --<br/>15. Quesería Lácteos Maya --<br/>16. Agroindustria Quesos Queshil --<br/>17. Productos Lácteos Dorados de la Selva --<br/>18. Gregorio Jesús Hernández Gómez Complementador --<br/>19. Asociación Agrícola de productores de cacao de Tuzantan --<br/>20. Rancho San Isidro --<br/>21. Organización de productores de cacao sostenible Rayen S.P.R de R.L. --<br/>22. Ing. Manuel Zetina Lanz -- <br/>23. Finca El Rocío --<br/>24. Agricultura Orgánica Tabasco --<br/>25. Rancho Las Delias --<br/>26. Remedios Córdova Valenzuela Productor --<br/>27. Vivero Hermanos Pérez --<br/>28. Agroforesta S.P.R. de C.V --.<br/>29. Agroindustria Chocolatería Maya La Parra --<br/>30. Centro Agroecológico San Francisco de Asís A.C. --<br/>31. Chocolatería Lu'um --<br/>32. Adiú Chocolate & Cacao --<br/>33. Agroindustria Cazuela, Comal y Cacao --<br/>34. Agroindustria Hacienda La Campesina --<br/>35. Rancho La Pasadita --<br/>36. Agroindustria Chocolates Tía Tana S. de S.S. --<br/>37. Hacienda La Luz --<br/>38. Asociaciones Agroindustriales Serranas S.A. de C.V. --<br/>39. Hacienda Jesús María --<br/>40. Agroindustrias Unidas de Cacao S.A. de C.V. --<br/>41. Instituto Nacional de Investigaciones Forestales, Agrícolas y Pecuarias --<br/>42. Unidad Regional Universitaria Sursureste de la UACh |
| Nota de contenido con formato |
Visitas: -- |
| 650 13 - PUNTO DE ACCESO ADICIONAL DE MATERIA--TÉRMINO DE MATERIA |
| Término de materia o nombre geográfico como elemento de entrada |
Industria quesera |
| Subdivisión geográfica |
México |
| -- |
Chiapas |
| 650 13 - PUNTO DE ACCESO ADICIONAL DE MATERIA--TÉRMINO DE MATERIA |
| Término de materia o nombre geográfico como elemento de entrada |
Queserías |
| Subdivisión geográfica |
México |
| -- |
Chiapas |
| 650 13 - PUNTO DE ACCESO ADICIONAL DE MATERIA--TÉRMINO DE MATERIA |
| Término de materia o nombre geográfico como elemento de entrada |
Plantas procesadoras de lácteos |
| Subdivisión geográfica |
México |
| -- |
Chiapas |
| 650 13 - PUNTO DE ACCESO ADICIONAL DE MATERIA--TÉRMINO DE MATERIA |
| 9 (RLIN) |
142991 |
| Término de materia o nombre geográfico como elemento de entrada |
Fabricación de queso |
| 650 13 - PUNTO DE ACCESO ADICIONAL DE MATERIA--TÉRMINO DE MATERIA |
| 9 (RLIN) |
144437 |
| Término de materia o nombre geográfico como elemento de entrada |
Queso artesanal |
| 650 13 - PUNTO DE ACCESO ADICIONAL DE MATERIA--TÉRMINO DE MATERIA |
| Término de materia o nombre geográfico como elemento de entrada |
Industria del cacao |
| Subdivisión geográfica |
México |
| -- |
Chiapas |
| 650 13 - PUNTO DE ACCESO ADICIONAL DE MATERIA--TÉRMINO DE MATERIA |
| Término de materia o nombre geográfico como elemento de entrada |
Industria del cacao |
| Subdivisión geográfica |
México |
| -- |
Tabasco |
| 650 13 - PUNTO DE ACCESO ADICIONAL DE MATERIA--TÉRMINO DE MATERIA |
| 9 (RLIN) |
150301 |
| Término de materia o nombre geográfico como elemento de entrada |
Productos derivados del cacao |
| 650 13 - PUNTO DE ACCESO ADICIONAL DE MATERIA--TÉRMINO DE MATERIA |
| 9 (RLIN) |
22816 |
| Término de materia o nombre geográfico como elemento de entrada |
Chocolate |
| 650 13 - PUNTO DE ACCESO ADICIONAL DE MATERIA--TÉRMINO DE MATERIA |
| Término de materia o nombre geográfico como elemento de entrada |
Cheese industry |
| Subdivisión geográfica |
Mexico |
| -- |
Chiapas |
| 650 13 - PUNTO DE ACCESO ADICIONAL DE MATERIA--TÉRMINO DE MATERIA |
| Término de materia o nombre geográfico como elemento de entrada |
Cheese plants |
| Subdivisión geográfica |
Mexico |
| -- |
Chiapas |
| 650 13 - PUNTO DE ACCESO ADICIONAL DE MATERIA--TÉRMINO DE MATERIA |
| Término de materia o nombre geográfico como elemento de entrada |
Dairy processing plants |
| Subdivisión geográfica |
Mexico |
| -- |
Chiapas |
| 650 13 - PUNTO DE ACCESO ADICIONAL DE MATERIA--TÉRMINO DE MATERIA |
| 9 (RLIN) |
146964 |
| Término de materia o nombre geográfico como elemento de entrada |
Cheesemaking |
| 650 13 - PUNTO DE ACCESO ADICIONAL DE MATERIA--TÉRMINO DE MATERIA |
| 9 (RLIN) |
185223 |
| Término de materia o nombre geográfico como elemento de entrada |
Artisan cheese |
| 650 13 - PUNTO DE ACCESO ADICIONAL DE MATERIA--TÉRMINO DE MATERIA |
| Término de materia o nombre geográfico como elemento de entrada |
Cocoa industry |
| Subdivisión geográfica |
México |
| -- |
Chiapas |
| 650 13 - PUNTO DE ACCESO ADICIONAL DE MATERIA--TÉRMINO DE MATERIA |
| Término de materia o nombre geográfico como elemento de entrada |
Cocoa industry |
| Subdivisión geográfica |
Mexico |
| -- |
Tabasco |
| 650 13 - PUNTO DE ACCESO ADICIONAL DE MATERIA--TÉRMINO DE MATERIA |
| 9 (RLIN) |
150295 |
| Término de materia o nombre geográfico como elemento de entrada |
Cocoa products |
| 700 1# - PUNTO DE ACCESO ADICIONAL--NOMBRE DE PERSONA |
| Nombre de persona |
Sandoval Castilla, Ofelia |
| Término indicativo de función/relación |
coordinadora |
| 9 (RLIN) |
151810 |
| 700 1# - PUNTO DE ACCESO ADICIONAL--NOMBRE DE PERSONA |
| 9 (RLIN) |
185268 |
| Nombre de persona |
Álvarez Ortega, Rubén Salvador |
| Término indicativo de función/relación |
colaborador |
| 856 41 - LOCALIZACIÓN Y ACCESO ELECTRÓNICOS |
| Identificador Uniforme del Recurso |
<a href="http://10.13.5.2/ve/T_C_852_IAI/T_C_852_IAI_2020_pdf">http://10.13.5.2/ve/T_C_852_IAI/T_C_852_IAI_2020_pdf</a> |
| Texto de enlace |
DESCARGAR REPORTE |